000 00385nam a2200157Ia 4500
008 151213s9999 xx 000 0 und d
100 _aG. Weissbery
245 _aThe Institutional Status Of In U N
_cG. Weissbery
250 _a1st
260 _aNew York
_bManhetta Publishing Com.
300 _a6585 p.
650 _aLaw
650 _aLaw
700 _aG. Weissbery
999 _c3650
_d3650